00676nam a2200145Ia 4500008004100000020001800041100003900059245011400098260002700212650004100239650010100280856004000381999001900421952009000440171212s9999 xx 000 0 und d a9780833040046 aDertouzos, James N.;Garber, Steven cDertouzos, James N.;Garber, StevenaHuman Resource Management and Army RecruitingbAnalyses of Policy Options bRAND Corporationc2006 aManagement & Organizational Behavior aUnited States. Army -- Recruiting, enlistment, etc.; United States. Army -- Personnel management uwww.jstor.org/stable/10.7249/mg433a c352162d352162 001040aCLbCLd2017-12-12l0oUB323.D438 2006r2017-12-12 00:00:00w2017-12-12yCBE